Eastern Utah Libraries Catalog: Duchesne, Heber, Roosevelt, & Vernal

Confessions on the 7:45 / (Record no. 354858)

MARC details
000 -LEADER
fixed length control field 01129pam a2200301 i 4500
001 - CONTROL NUMBER
control field BK0026189549
005 - DATE AND TIME OF LATEST TRANSACTION
control field 20201026140837.0
008 - FIXED-LENGTH DATA ELEMENTS--GENERAL INFORMATION
fixed length control field 200911s2020 onc 000 1 eng d
020 ## - INTERNATIONAL STANDARD BOOK NUMBER
International Standard Book Number 9780778310150
Terms of availability 27.99
020 ## - INTERNATIONAL STANDARD BOOK NUMBER
International Standard Book Number 0778310159
Terms of availability 27.99
040 ## - CATALOGING SOURCE
Description conventions rda
092 ## - LOCALLY ASSIGNED DEWEY CALL NUMBER (OCLC)
Classification number F Unger
999 ## - SYSTEM CONTROL NUMBERS (KOHA)
Koha Dewey Subclass [OBSOLETE] 03605204
100 1# - MAIN ENTRY--PERSONAL NAME
Personal name Unger, Lisa,
Dates associated with a name 1970-
Relator term author.
9 (RLIN) 54257
245 10 - TITLE STATEMENT
Title Confessions on the 7:45 /
Statement of responsibility, etc Lisa Unger.
264 #1 - Production, Publication, Distribution, Manufacture, and Copyright Notice.
Place of production, publication, distribution, manufacture Toronto, Ontario, Canada :
Name of producer, publisher, distributor, manufacturer Park Row Books,
Date of production, publication, distribution, manufacture, or copyr [2020]
336 ## - Content Type
Content type term text
337 ## - Media type
Media type term unmediated
338 ## - Carrier type
Carrier type term volume
520 ## - SUMMARY, ETC.
Summary, etc Befriending a stranger in an accompanying seat when their commuter train stalls, Selena confesses a personal grievance before her life is upended by her nanny's disappearance and growing fractures in her marriage.
650 #0 - SUBJECT ADDED ENTRY--TOPICAL TERM
Topical term or geographic name as entry element Marriage
Form subdivision Fiction
9 (RLIN) 5675032
650 #0 - SUBJECT ADDED ENTRY--TOPICAL TERM
Topical term or geographic name as entry element Adultery
Form subdivision Fiction
9 (RLIN) 5690922
650 #0 - SUBJECT ADDED ENTRY--TOPICAL TERM
Topical term or geographic name as entry element Stalking
Form subdivision Fiction
9 (RLIN) 5675879
650 #0 - SUBJECT ADDED ENTRY--TOPICAL TERM
Topical term or geographic name as entry element Missing persons
Form subdivision Fiction
9 (RLIN) 6381269
655 #0 - INDEX TERM--GENRE/FORM
Genre/form data or focus term Psychological fiction.
9 (RLIN) 5673631
655 #7 - INDEX TERM--GENRE/FORM
Genre/form data or focus term Suspense fiction
Source of term gsafd
9 (RLIN) 6381270
942 ## - ADDED ENTRY ELEMENTS (KOHA)
Source of classification or shelving scheme Dewey Decimal Classification
Koha item type BOOK
Holdings
Withdrawn status Lost status Source of classification or shelving scheme Damaged status Not for loan Collection code Home library Current library Shelving location Date acquired Source of acquisition Total Checkouts Total Renewals Full call number Barcode Date last seen Date checked out Cost, replacement price Price effective from Koha item type
    Dewey Decimal Classification     Fiction Wasatch County Library Wasatch County Library First Floor 10/26/2020 Micromarketing 15 8 F Unger 34301001701046 01/29/2026 01/27/2026 27.99 10/26/2020 BOOK
    Dewey Decimal Classification     Fiction Wasatch County Library Wasatch County Library First Floor 12/03/2024 Donation     F Unger 34301002023903 12/03/2024   9.99 12/03/2024 BOOK
This project was made possible through a grant from the Institute of Museum and Library Service administered by the Utah State Library Division.

Wasatch County Library

  • 465 East 1200 South, Heber City, Utah 84032
  • Phone 435-654-1511 | Fax 435-654-6456

Hours

  • Monday - Friday 9:30 AM - 8:00 PM
  • Saturday 9:30 AM - 1:30 PM
  • Closed Sundays and Holidays